Fleetwood Mac - Don't Stop lyrics - Statistics

General Stats
  • This quiz has been taken 200 times
  • The average score is 134 of 172
Answer Stats
Lyrics % Correct
do.
99%
a
98%
don't
98%
Don't
98%
I
98%
stop
97%
stop,
97%
to
97%
about
96%
think
96%
tomorrow.
96%
tomorrow
96%
thinking
95%
be
93%
gone.
91%
Yesterday's
91%
here.
90%
here
90%
it
90%
you
88%
you,
88%
you.
88%
it'll
86%
It'll
86%
soon
85%
before.
83%
better
83%
than
83%
If
77%
if
77%
the
75%
want
74%
will
73%
little
72%
see
72%
while.
72%
and
71%
look
71%
just
70%
in
69%
smile.
68%
smile,
68%
takes
66%
your
66%
that
64%
things
63%
way.
63%
different
61%
is
61%
what
61%
You'll
61%
back.
59%
at
58%
day.
57%
eyes
57%
Open
56%
All
53%
come
53%
done.
51%
up
51%
any
50%
it's
49%
know
49%
harm
47%
never
47%
wake
47%
you've
47%
times
46%
true.
46%
meant
45%
believe
40%
Ooh,
39%
not
37%
life
36%
was
35%
Why
31%
bad
28%
No matching quizzes found
Score Distribution
Percent of People with Each Score
Percentile by Number Answered
Your Score History
You have not taken this quiz